000 00287nam a22001217a 4500
008 180420b xxu||||| |||| 00| 0 eng d
041 _aeng
080 _a043.3
100 _a0
101 _aARK-BA
245 _a"HOAG" (Qendra Rinore dhe Terenet Sportive)
_cDuataga, E
942 _2udc
_cBK
999 _c45349
_d45349